000 00453nam a2200145Ia 4500
008 100204s9999 xx 000 0 und d
082 _b16095
100 _aधाराशिवकर मुकुंद
245 _aरिंगण
260 _b"ग्रंथाली वाचक चळवळ , मुंबई - कुर्ला"
_c1980
300 _a206
630 _aरिंगण
730 _aरिंगण
942 _cBOOK
999 _c460518
_d460515